Antología de la literatura infantil española / (Record no. 36755)

MARC details
000 -LEADER
campo de control de longitud fija 00871nam a2200265 i 4500
001 - NÚMERO DE CONTROL
campo de control 36755
003 - IDENTIFICADOR DE NÚMERO DE CONTROL
campo de control ES-MaACL
005 - FECHA Y HORA DE LA ÚLTIMA TRANSACCIÓN
campo de control 20250825062627.0
007 - CAMPO FIJO DE DESCRIPCIÓN FÍSICA--INFORMACIÓN GENERAL
campo de control de longitud fija t|
008 - DATOS DE LONGITUD FIJA--INFORMACIÓN GENERAL
campo de control de longitud fija 030219s1973 sp a |||| | spa d
020 ## - NÚMERO INTERNACIONAL ESTÁNDAR DEL LIBRO
Número Internacional Estándar del Libro 84-325-0453-X
080 ## - NÚMERO DE LA CLASIFICACIÓN DECIMAL UNIVERSAL
Número de la Clasificación Decimal Universal 860-93(082.2)
245 00 - MENCIÓN DEL TÍTULO
Título Antología de la literatura infantil española /
Mención de responsabilidad, etc. Carmen Bravo-Villasante.
260 ## - PUBLICACIÓN, DISTRIBUCIÓN, ETC.
Lugar de publicación, distribución, etc. Madrid :
Nombre del editor, distribuidor, etc. Doncel,
Fecha de publicación, distribución, etc. [1973]
300 ## - DESCRIPCIÓN FÍSICA
Extensión 3 v. :
Otras características físicas il. ;
Dimensiones 18 cm.
490 1# - MENCIÓN DE SERIE
Mención de serie Libro joven de bolsillo ;
Designación de volumen o secuencia 42-44
650 #4 - PUNTO DE ACCESO ADICIONAL DE MATERIA--TÉRMINO DE MATERIA
Término de materia o nombre geográfico como elemento de entrada Literatura infantil española.
9 (RLIN) 163780
650 #4 - PUNTO DE ACCESO ADICIONAL DE MATERIA--TÉRMINO DE MATERIA
Término de materia o nombre geográfico como elemento de entrada Literatura-
Subdivisión de forma Libros infantiles.
9 (RLIN) 163779
655 #7 - TERMINO DE INDIZACIÓN--GENERO/FORMA
Datos o término principal de género/forma Libros infantiles
Fuente del término tgfbne
9 (RLIN) 226786
700 1# - ENTRADA AGREGADA--NOMBRE PERSONAL
Nombre de persona Bravo-Villasante, Carmen,
Fechas asociadas al nombre 1918-1994
9 (RLIN) 31507
830 1# - PUNTO DE ACCESO ADICIONAL DE SERIE-TÍTULO UNIFORME
Título uniforme Libro joven de bolsillo ;
Designación de volumen o secuencia 42-44
9 (RLIN) 181662
852 4# - LOCALIZACIÓN
Ubicación ES-MaACL
Número de control de estantería A-6169-70
Designación de la unidad física (v. 2-3)
852 4# - LOCALIZACIÓN
Ubicación ES-MaACL
Número de control de estantería C-53715-17
Holdings
Estatus retirado Estado de pérdida Estado de daño No para préstamo Biblioteca de origen Biblioteca actual Ubicación en estantería Fecha de adquisición Fuente de adquisición Total de préstamos Signatura topográfica completa Código de barras Visto por última vez Precio de reemplazo Tipo de ítem Koha
        Biblioteca del Ateneo de Madrid Biblioteca del Ateneo de Madrid Sala Pecera Planta 1 29/11/2021     A-6169-70 1202743 23/02/2023 23/02/2023 Libro impreso
        Biblioteca del Ateneo de Madrid Biblioteca del Ateneo de Madrid Depósito 2 17/01/2008     C-53715-17 1038646 23/02/2023 23/02/2023 Libro impreso